FBS College Football Team Logos - Statistics

General Stats
  • This quiz has been taken 3,395 times
  • The average score is 111 of 136
Answer Stats
Picture Answer % Correct
Alabama
99%
Air Force
97%
Arizona
97%
Auburn
97%
Arizona State
96%
Arkansas
96%
Army
95%
BYU
95%
Clemson
95%
Baylor
94%
Boise State
94%
Colorado
94%
Duke
94%
Florida
93%
Florida State
93%
Georgia
93%
Cincinnati
92%
Georgia Tech
92%
Indiana
92%
Iowa State
92%
Kansas
92%
Hawaii
91%
Illinois
91%
Iowa
91%
Kentucky
91%
Miami (Florida)
91%
Michigan
91%
Akron
90%
Bowling Green
90%
Colorado State
90%
Houston
90%
Michigan State
90%
Kansas State
89%
Nebraska
89%
North Carolina
89%
Notre Dame
89%
Oklahoma
89%
Penn St
89%
Appalachian State
88%
California
88%
Louisville
88%
Maryland
88%
Oklahoma State
88%
Oregon
88%
Purdue
88%
Texas
88%
Minnesota
87%
Pittsburgh
87%
Rutgers
87%
Stanford
87%
Tennessee
87%
Texas A&M
87%
Ball State
86%
Buffalo
86%
Mississippi State
86%
Missouri
86%
Navy
86%
Northwestern
86%
Oregon State
86%
Syracuse
86%
Texas Tech
86%
East Carolina
85%
Memphis
85%
Ohio State
85%
South Carolina
85%
Arkansas State
84%
Florida Atlantic
83%
Liberty
83%
Louisiana Tech
83%
NC State
83%
Rice
83%
SMU
83%
USC
83%
Coastal Carolina
82%
Kent State
82%
Marshall
82%
San Diego State
82%
Temple
82%
Utah
82%
Utah State
82%
Virginia
82%
Virginia Tech
82%
Fresno State
81%
TCU
81%
UConn
81%
Wake Forest
81%
Washington
81%
West Virginia
81%
Boston College
80%
Central Michigan
80%
Eastern Michigan
80%
Kennesaw State
80%
Miami (Ohio)
80%
Sam Houston
80%
South Florida
80%
Tulane
80%
Vanderbilt
80%
Wisconsin
80%
Charlotte
78%
Delaware
78%
Georgia State
77%
New Mexico
77%
New Mexico State
77%
Washington State
77%
LSU
76%
North Texas
76%
San Jose State
76%
Troy
76%
Wyoming
76%
Georgia Southern
75%
Nevada
75%
Middle Tennessee
74%
Texas State
74%
Northern Illinois
73%
Toledo
73%
Old Dominion
71%
UAB
71%
FIU
70%
UTEP
70%
Louisiana-Monroe
69%
Ohio
69%
UMass
69%
Louisiana
68%
UTSA
67%
Western Kentucky
67%
James Madison
65%
Missouri State
65%
South Alabama
64%
Western Michigan
62%
Southern Miss
61%
UCF
59%
UCLA
50%
Tulsa
49%
Jacksonville State
48%
Ole Miss
46%
UNLV
45%
No matching quizzes found
Score Distribution
Percent of People with Each Score
Percentile by Number Answered
Your Score History
You have not taken this quiz